Ψυχική ασθένεια και σύγχρονες πρακτικές του εαυτού : μια μαρτυρία ζωής

Αποθηκεύτηκε σε:
Λεπτομέρειες βιβλιογραφικής εγγραφής
Κύριος συγγραφέας: Τζανάκης, Μανόλης
Μορφή: Βιβλίο
Γλώσσα:Greek
Δημοσίευση: Αθήνα : Πεδίο, 2012
Θέματα:
Ετικέτες: Προσθήκη ετικέτας
Δεν υπάρχουν, Καταχωρήστε ετικέτα πρώτοι!

MARC

LEADER 00000cam a2200000 i 4500
001 1/23143
008 121002s2012 gre d
020 |a 978-960-546-074-7 
035 |l 10113186 
040 |a GR-MY-UA  |b gre  |e aacr 
041 0 |a gre 
082 0 |a 616.89  |2 (22) 
100 1 |a Τζανάκης, Μανόλης. 
245 1 0 |a Ψυχική ασθένεια και σύγχρονες πρακτικές του εαυτού :  |b μια μαρτυρία ζωής /  |c Μανόλης Τζανάκης 
260 |a Αθήνα :   |b Πεδίο,   |c 2012 
300 |a 391 σ.;  |c 24 εκ. 
504 |a Περιλαμβάνει βιβλιογραφικές παραπομπές 
650 0 0 |a Mental illness  |x Social aspects. 
650 0 0 |a Mental illness  |x Physiological aspects. 
650 0 0 |a Mentally ill  |x Social conditions. 
852 |a INST  |b LESVOS  |e 20121002  |h 616.89 ΤΖΑ  |p 005100052076  |q 005100052076  |t BK  |y 0 
852 |a INST  |b LESVOS  |c EUDOXUS  |e 20140507  |h 616.89 ΤΖΑ  |p 005100054094  |q 005100054094  |t EDX  |y 0 
852 |a INST  |b LESVOS  |c EUDOXUS  |e 20140507  |h 616.89 ΤΖΑ  |p 005100054095  |q 005100054095  |t EDX  |y 0 
901 |a BIBL1-2012-2 
901 |a BIBL1-2014-2 
909 |a Λ  |b 177197 
909 |a Λ  |b 188883 
909 |a Λ  |b 188884 
920 |a Εύδοξος  |b ΠΑΡΑΓΓΕΛΙΑ  |y ΛΕΣΒΟΣ-ΤΚ  |z 2014-04 
970 |a ΤΖΑΦΕΡΗ  |b ΕΥΑΓΓΕΛΙΑ  |z 2012/10/02